书目信息 |
| 题名: |
雕刻精工
|
|
| 作者: | 肖东发 主编 ;赵丹丹 编著 | |
| 分册: | ||
| 出版信息: | 北京 现代出版社 2015 |
|
| 页数: | 164页 | |
| 开本: | 24cm | |
| 丛书名: | 中华精神家园 | |
| 单 册: | ||
| 中图分类: | J321 | |
| 科图分类: | ||
| 主题词: | 雕刻--民间工艺--介绍--中国 | |
| 电子资源: | ||
| ISBN: | 978-7-5143-3067-0 | |
| 000 | 00808oam2 2200265 450 | |
| 001 | 2357097598 | |
| 005 | 20231128223353.54 | |
| 010 | @a978-7-5143-3067-0@dCNY29.80 | |
| 100 | @a20151101d2015 em y0chiy50 ea | |
| 101 | 0 | @achi |
| 102 | @aCN@b110000 | |
| 105 | @aa z 000yy | |
| 200 | 1 | @a雕刻精工@Adiao ke jing gong@e竹木骨牙角匏与工艺@f肖东发主编@g赵丹丹编著 |
| 210 | @a北京@c现代出版社@d2015 | |
| 215 | @a164页@c图@d24cm | |
| 225 | 2 | @a中华精神家园@i文化标记 |
| 410 | 0 | @12001 @a中华精神家园 |
| 410 | 0 | @12001 @a文化标记 |
| 517 | 1 | @a竹木骨牙角匏与工艺@9zhu mu gu ya jiao pao yu gong yi |
| 606 | 0 | @a雕刻@x民间工艺@x介绍@y中国 |
| 690 | @aJ321@v5 | |
| 701 | 0 | @a肖东发@Axiao dong fa@4主编 |
| 702 | 0 | @a赵丹丹@Azhao dan dan@4编著 |
| 801 | 0 | @aCN@b91MARC@c20151101 |
| 905 | @aZUCC@dJ321@e5 | |
| 雕刻精工:竹木骨牙角匏与工艺/肖东发主编/赵丹丹编著.-北京:现代出版社,2015 |
| 164页:图;24cm.-(中华精神家园.文化标记) |
| ISBN 978-7-5143-3067-0:CNY29.80 |
| ● |
| 相关链接 |
|
|
|
正题名:雕刻精工
索取号:J321/5
 
预约/预借
| 序号 | 登录号 | 条形码 | 馆藏地/架位号 | 状态 | 备注 |
| 1 | 2001005975 | 2001005975 | 第四书库/四35架B面1层6列/ [索取号:J321/5] | 在馆 | |
| 2 | 2001005976 | 2001005976 | 第四书库/四35架B面1层6列/ [索取号:J321/5] | 在馆 | |
| 3 | 2001005977 | 2001005977 | 第四书库/四35架B面1层6列/ [索取号:J321/5] | 在馆 | |
| 4 | 2001005978 | 2001005978 | 第四书库/四35架B面1层6列/ [索取号:J321/5] | 在馆 | |
| 5 | 2001005979 | 2001005979 | 第四书库/四35架B面1层6列/ [索取号:J321/5] | 在馆 | |
| 6 | 2001005980 | 2001005980 | 第四书库/四35架B面1层6列/ [索取号:J321/5] | 在馆 |